| 000 | 01099nam a2200301 i 4500 | ||
|---|---|---|---|
| 001 | bg | ||
| 100 | 1 | _aCOMER, Douglas E. | |
| 245 | 1 | 0 |
_aSieci komputerowe TCP/IP. _nT. 1, _pZasady, protokoły i architektura / _cDouglas E. Comer ; z ang. przeł. Grzegorz Grudziński, Aleksy Schubert |
| 246 |
_iTyt. oryg.: _aInternetworking with TCP/IP |
||
| 250 | _aWyd.2. | ||
| 260 |
_aWarszawa : _bWydawnictwa Naukowo-Techniczne, _c1998. |
||
| 300 |
_a670, [1] s. ; _c24 cm + _eSłownik terminologii sieciowej proponowanej przez WNT. |
||
| 500 | _aTyt. oryg. "Internetworking with TCP/IP. Vol.1: Principles, protocols and architectue" 1995. | ||
| 504 | _aBibliogr. s. 649-657. - Indeks. | ||
| 630 | 0 | 9 | _aINTERNET |
| 650 | 9 | _aSieć komputerowa | |
| 650 | 9 | _aTransmisja danych | |
| 655 | _aPodręczniki akademickie | ||
| 020 | _a8320423163 ((t.1)) | ||
| 020 | _a8320423147 ((całość)) | ||
| 040 | _cBPK | ||
| 041 | 1 |
_apl _hen |
|
| 080 | _a004.7(075.8) | ||
| 920 | _a83-204-2316-3 ((t.1)) | ||
| 920 | _a83-204-2314-7 ((całość)) | ||
| 942 | _cKS | ||
| 008 | s pl f |000 0 pol | ||
| 999 |
_c36058 _d36058 |
||
| 856 |
_uhttp://koha.tu.koszalin.pl/cgi-bin/koha/opac-detail.pl?biblionumber=36058 _yKatalog online BPK |
||